Oso en casa = (Record no. 19431)

MARC details
000 -LEADER
fixed length control field 01871cam a2200493 a 4500
001 - CONTROL NUMBER
control field sjds1061466
003 - CONTROL NUMBER IDENTIFIER
control field sjds
005 - DATE AND TIME OF LATEST TRANSACTION
control field 20180421162149.0
008 - FIXED-LENGTH DATA ELEMENTS--GENERAL INFORMATION
fixed length control field 100505s2010 maua a 000 1 eng
010 ## - LIBRARY OF CONGRESS CONTROL NUMBER
LC control number 2010009441
020 ## - INTERNATIONAL STANDARD BOOK NUMBER
International Standard Book Number 9781846864223 (pbk.)
020 ## - INTERNATIONAL STANDARD BOOK NUMBER
International Standard Book Number 1846864224 (pbk.)
035 ## - SYSTEM CONTROL NUMBER
System control number 433179
035 ## - SYSTEM CONTROL NUMBER
System control number (OCoLC)613990858
035 ## - SYSTEM CONTROL NUMBER
System control number 433179
040 ## - CATALOGING SOURCE
Original cataloging agency DLC
Transcribing agency DLC
Modifying agency IFA
-- UtOrBLW
041 0# - LANGUAGE CODE
Language code of text/sound track or separate title eng
-- spa
Language code of original eng
049 ## - LOCAL HOLDINGS (OCLC)
Holding library IFAA
099 ## - LOCAL FREE-TEXT CALL NUMBER (OCLC)
Filing suffix 2010
100 1# - MAIN ENTRY--PERSONAL NAME
Personal name Blackstone, Stella,
Relator term author.
245 10 - TITLE STATEMENT
Title Oso en casa =
Remainder of title Bear at home /
Statement of responsibility, etc. Stella Blackstone ; [illustrated by] Debbie Harter ; [translated by Vicki Cerutti].
246 31 - VARYING FORM OF TITLE
Title proper/short title Bear at home
250 ## - EDITION STATEMENT
Edition statement Paperback edition.
260 ## - PUBLICATION, DISTRIBUTION, ETC. (IMPRINT)
Place of publication, distribution, etc. Cambridge, MA :
Name of publisher, distributor, etc. Barefoot Books,
Date of publication, distribution, etc. 2010.
264 #1 - PRODUCTION, PUBLICATION, DISTRIBUTION, MANUFACTURE, AND COPYRIGHT NOTICE
Place of production, publication, distribution, manufacture Cambridge, MA :
Name of producer, publisher, distributor, manufacturer Barefoot Books,
Date of production, publication, distribution, manufacture, or copyright notice 2010.
300 ## - PHYSICAL DESCRIPTION
Extent 1 volume (unpaged) :
Other physical details color illustrations ;
Dimensions 25 cm
336 ## - CONTENT TYPE
Content type term text
Content type code txt
Source rdacontent
337 ## - MEDIA TYPE
Media type term unmediated
Media type code n
Source rdamedia
338 ## - CARRIER TYPE
Carrier type term volume
Carrier type code nc
Source rdacarrier
520 ## - SUMMARY, ETC.
Summary, etc. Bear gives a tour through each room in his house, describing what he likes, such as the comfortable chair in the study.
520 ## - SUMMARY, ETC.
Summary, etc. Oso muestra cada habitación en su casa, y describe lo que a él le gusta, como la silla cómoda en el estudio.
521 8# - TARGET AUDIENCE NOTE
Target audience note NC 740
Source Lexile
526 0# - STUDY PROGRAM INFORMATION NOTE
Program name Accelerated Reader
Interest level LG
Reading level 1.8
Title point value 0.5
Public note 80667
650 #0 - SUBJECT ADDED ENTRY--TOPICAL TERM
Topical term or geographic name as entry element Stories in rhyme
Form subdivision Juvenile literature.
650 #7 - SUBJECT ADDED ENTRY--TOPICAL TERM
Topical term or geographic name as entry element Cuentos en rima
Form subdivision Literatura juvenil.
Source of heading or term bidex
650 #0 - SUBJECT ADDED ENTRY--TOPICAL TERM
Topical term or geographic name as entry element Bears
Form subdivision Juvenile fiction.
650 #7 - SUBJECT ADDED ENTRY--TOPICAL TERM
Topical term or geographic name as entry element Osos
Form subdivision Novela juvenil.
Source of heading or term bidex
650 #0 - SUBJECT ADDED ENTRY--TOPICAL TERM
Topical term or geographic name as entry element Dwellings
Form subdivision Juvenile fiction.
650 #7 - SUBJECT ADDED ENTRY--TOPICAL TERM
Topical term or geographic name as entry element Viviendas
Form subdivision Novela juvenil.
Source of heading or term bidex
650 #0 - SUBJECT ADDED ENTRY--TOPICAL TERM
Topical term or geographic name as entry element Spanish language materials
General subdivision Bilingual
Form subdivision Juvenile literature.
650 #7 - SUBJECT ADDED ENTRY--TOPICAL TERM
Topical term or geographic name as entry element Materiales bilingües en español
Form subdivision Literatura juvenil.
Source of heading or term bidex
700 1# - ADDED ENTRY--PERSONAL NAME
Personal name Harter, Debbie,
Relator term illustrator.
942 ## - ADDED ENTRY ELEMENTS (KOHA)
Koha item type Libro/Book
Holdings
Withdrawn status Lost status Damaged status Not for loan Home library Current library Date acquired Inventory number Total Checkouts Full call number Barcode Date last seen Price effective from Koha item type
        Las Brisas 1 -- Satellite Las Brisas 1 -- Satellite 16/04/2018       40001527 16/04/2018 16/04/2018 Libro/Book
        Las Brisas 1 -- Satellite Las Brisas 1 -- Satellite 16/04/2018       40001587 16/04/2018 16/04/2018 Libro/Book
        Las Brisas 2 -- Satellite Las Brisas 2 -- Satellite 16/04/2018 Inventory date: 7/4/25   JI 40101576 16/04/2018 16/04/2018 Libro/Book

Powered by Koha